[Event "GER-ch (Women) op"]
[Site "Augsburg"]
[Date "2024.03.07"]
[Round "3"]
[White "Horvath, Maria"]
[Black "Trunz, Tamila"]
[Result "1-0"]
[WhiteElo "1983"]
[BlackElo "1891"]
[PlyCount "103"]
[EventDate "2024.03.06"]
[EventType "swiss"]
[EventRounds "9"]
[EventCountry "GER"]
[SourceTitle "CB12_2024"]
[SourceDate "2023.10.01"]
[SourceVersion "1"]
[SourceVersionDate "2023.10.01"]
[SourceQuality "1"]

1. d4 Nf6 2. Nf3 b6 3. e3 Bb7 4. Bd3 d6 5. b3 Nbd7 6. Bb2 g6 7. Nbd2 Bg7 8. 0-0 0-0 9. c4 c5 10. d5 e6 11. e4 exd5 12. exd5 Qc7 13. Qc2 Rfe8 14. Rae1 Ne5 15. Nxe5 dxe5 16. Bc3 b5 17. a3 a5 18. a4 b4 19. Bb2 Nh5 20. g3 f5 21. f3 Rad8 22. Rf2 Bc8 23. Bf1 Bf6 24. Rfe2 f4 25. g4 Ng7 26. Ne4 Bh4 27. Rd1 h5 28. h3 hxg4 29. hxg4 Qe7 30. Bc1 Qf8 31. Bd2 Bb7 32. Be1 Bxe1 33. Rdxe1 Rd7 34. Rh2 Ree7 35. Nxc5 Rd6 36. Bd3 Bxd5 37. cxd5 Rc7 38. Rxe5 Qc8 39. Qe2 Rxc5 40. Bc4 Qd8 41. Qe4 Qf8 42. g5 Rc8 43. Rh4 Nf5 44. Rxf4 Qd8 45. Rg4 Qb6+ 46. Kg2 Rf8 47. Re8 Qa7 48. Rxf8+ Kxf8 49. Rf4 Rd7 50. Qe5 Re7 51. Qh8+ Kf7 52. d6+ 1-0

[Event "AUT-chT2O 2122"]
[Site "Austria"]
[Date "2022.04.02"]
[Round "10.4"]
[White "Wu, Min"]
[Black "Horvath, Maria"]
[Result "1-0"]
[WhiteElo "1945"]
[BlackElo "1993"]
[PlyCount "75"]
[EventDate "2021.10.16"]
[EventType "team-tourn"]
[EventRounds "11"]
[EventCountry "AUT"]
[SourceTitle "EXT 2023"]
[Source "ChessBase"]
[SourceDate "2022.10.05"]
[SourceVersion "1"]
[SourceVersionDate "2022.10.05"]
[SourceQuality "1"]
[WhiteTeam "Donaustadt"]
[BlackTeam "Pamhagen II"]
[WhiteTeamCountry "AUT"]
[BlackTeamCountry "AUT"]

1. e4 e6 2. d3 Nc6 3. Nf3 e5 4. d4 exd4 5. Nxd4 Bc5 6. Nb3 Bb6 7. Nc3 a5 8. Nd5 Ba7 9. Qg4 g6 10. Qg3 d6 11. Qc3 f6 12. Be3 Bxe3 13. Qxe3 a4 14. Nd4 Nxd4 15. Qxd4 c6 16. Ne3 b5 17. Rd1 Ke7 18. Be2 Nh6 19. 0-0 Nf7 20. c4 bxc4 21. Bxc4 Ba6 22. f4 Qc7 23. e5 fxe5 24. fxe5 Nxe5 25. Qh4+ Kd7 26. Bxa6 Rxa6 27. Nc4 d5 28. Qh3+ Kd8 29. Qh4+ Kc8 30. Nxe5 Qxe5 31. Rde1 Qd6 32. Rf6 Qc5+ 33. Kh1 Rb6 34. Qg3 Rxb2 35. Qg4+ Kd8 36. Qg5 Kc7 37. Qe5+ Kc8 38. Qg5 1-0

[Event "BL2 Sued 2122 (Women)"]
[Site "Germany"]
[Date "2022.03.20"]
[Round "5.2"]
[White "Horvath, Maria"]
[Black "Mar, Karmen"]
[Result "0-1"]
[WhiteElo "1997"]
[BlackElo "2074"]
[PlyCount "76"]
[EventDate "2021.11.27"]
[EventType "team-tourn"]
[EventRounds "7"]
[EventCountry "GER"]
[SourceTitle "EXT 2023"]
[Source "ChessBase"]
[SourceDate "2022.10.05"]
[SourceVersion "1"]
[SourceVersionDate "2022.10.05"]
[SourceQuality "1"]
[WhiteTeam "Augsburg (W)"]
[BlackTeam "Hofheim (W)"]
[WhiteTeamCountry "GER"]
[BlackTeamCountry "GER"]

1. d4 d5 2. Nf3 Nf6 3. e3 c5 4. b3 cxd4 5. exd4 Nc6 6. Bd3 Bg4 7. Bb2 Qa5+ 8. Bc3 Qc7 9. 0-0 e6 10. Nbd2 Bd6 11. Qe1 0-0 12. a3 Rfe8 13. Qc1 Bf4 14. Qb2 Rac8 15. Rfe1 Nb8 16. Nb1 Bxf3 17. gxf3 Bxh2+ 18. Kg2 Bf4 19. b4 Nbd7 20. a4 Nb6 21. a5 Nc4 22. Qb3 Bh6 23. Bxc4 dxc4 24. Qa4 Red8 25. Re5 Rd5 26. Ra3 Rxe5 27. dxe5 Nd5 28. Bd4 Qd8 29. Be3 Bxe3 30. fxe3 Qg5+ 31. Kf2 Qxe5 32. Qd7 Rb8 33. Nd2 Qh2+ 34. Ke1 c3 35. Nf1 Qxc2 36. Qd6 Rf8 37. b5 Qb1+ 38. Kf2 c2 0-1

[Event "BL2 Sued 2122 (Women)"]
[Site "Germany"]
[Date "2022.03.19"]
[Round "4.2"]
[White "Ries, Jutta"]
[Black "Horvath, Maria"]
[Result "1/2-1/2"]
[WhiteElo "2001"]
[BlackElo "1997"]
[PlyCount "66"]
[EventDate "2021.11.27"]
[EventType "team-tourn"]
[EventRounds "7"]
[EventCountry "GER"]
[SourceTitle "EXT 2023"]
[Source "ChessBase"]
[SourceDate "2022.10.05"]
[SourceVersion "1"]
[SourceVersionDate "2022.10.05"]
[SourceQuality "1"]
[WhiteTeam "Gernsheim (W)"]
[BlackTeam "Augsburg (W)"]
[WhiteTeamCountry "GER"]
[BlackTeamCountry "GER"]

1. f4 d5 2. Nf3 c5 3. b3 Nc6 4. Bb2 Bg4 5. e3 e6 6. Bb5 Rc8 7. 0-0 a6 8. Bxc6+ Rxc6 9. Qe1 Bxf3 10. Rxf3 Nf6 11. Qg3 g6 12. d3 Bg7 13. Qe1 0-0 14. Nd2 b5 15. a4 Re8 16. Rh3 c4 17. axb5 axb5 18. bxc4 bxc4 19. Nf3 cxd3 20. cxd3 Ng4 21. Bxg7 Kxg7 22. Nd4 Rb6 23. Qc3 Qf6 24. Rg3 Nh6 25. Rf1 Reb8 26. e4 Rb3 27. Qa1 Rb2 28. Nc6 R8b6 29. Ne5 R6b3 30. Rh3 Ng8 31. exd5 exd5 32. Qa7 Rb1 33. Rhf3 Ne7 1/2-1/2

[Event "AUT-chT (Women) 2122"]
[Site "Austria"]
[Date "2022.01.23"]
[Round "4.4"]
[White "Horvath, Maria"]
[Black "Bas, Aydan"]
[Result "1-0"]
[WhiteElo "1993"]
[BlackElo "1491"]
[PlyCount "83"]
[EventDate "2021.11.06"]
[EventType "team-tourn"]
[EventRounds "9"]
[EventCountry "AUT"]
[SourceTitle "EXT 2023"]
[Source "ChessBase"]
[SourceDate "2022.10.05"]
[SourceVersion "1"]
[SourceVersionDate "2022.10.05"]
[SourceQuality "1"]
[WhiteTeam "Pamhagen (W)"]
[BlackTeam "Dornbirn (W)"]
[WhiteTeamCountry "AUT"]
[BlackTeamCountry "AUT"]

1. d4 Nf6 2. c4 d6 3. Nc3 g6 4. e4 Bg7 5. f3 0-0 6. Be3 e5 7. Nge2 Nc6 8. d5 Ne7 9. g4 Ne8 10. Ng3 f5 11. gxf5 gxf5 12. Bg5 Nf6 13. exf5 Nxf5 14. Nxf5 Bxf5 15. Bd3 Qd7 16. Qc2 Nh5 17. Ne4 Qf7 18. 0-0-0 Bh3 19. Ng3 Nf6 20. Bxf6 Bxf6 21. Be4 Bg5+ 22. Kb1 h6 23. Rd3 Kh8 24. c5 Rac8 25. Rc3 h5 26. Bg6 Qxd5 27. Ne4 Bf4 28. Bxh5 Bf5 29. Bg4 Qe6 30. Bxf5 Qxf5 31. Rd1 dxc5 32. Rxc5 c6 33. Rc3 Qh3 34. Rcd3 Rc7 35. Rd8 Rcf7 36. Qc5 Rxd8 37. Rxd8+ Kg7 38. Qg1+ Kh7 39. Qg8+ Kh6 40. Rd6+ Kh5 41. Qxf7+ Kh4 42. Qh7+ 1-0

[Event "AUT-chT (Women) 2122"]
[Site "Austria"]
[Date "2022.01.22"]
[Round "3.4"]
[White "Krassnitzer, Maria"]
[Black "Horvath, Maria"]
[Result "0-1"]
[WhiteElo "1661"]
[BlackElo "1993"]
[PlyCount "32"]
[EventDate "2021.11.06"]
[EventType "team-tourn"]
[EventRounds "9"]
[EventCountry "AUT"]
[SourceTitle "EXT 2023"]
[Source "ChessBase"]
[SourceDate "2022.10.05"]
[SourceVersion "1"]
[SourceVersionDate "2022.10.05"]
[SourceQuality "1"]
[WhiteTeam "St Veit/Glan (W)"]
[BlackTeam "Pamhagen (W)"]
[WhiteTeamCountry "AUT"]
[BlackTeamCountry "AUT"]

1. d4 d5 2. Nf3 Nf6 3. Bf4 e6 4. e3 c5 5. c4 cxd4 6. exd4 Bb4+ 7. Nbd2 0-0 8. a3 Bxd2+ 9. Qxd2 Nc6 10. Be2 Na5 11. Qc2 Nxc4 12. Bxc4 dxc4 13. Qxc4 Qa5+ 14. b4 Qf5 15. Be3 Bd7 16. 0-0 Bb5 0-1

[Event "AUT-chT 2021"]
[Site "Austria"]
[Date "2021.03.12"]
[Round "5.2"]
[White "Horvath, Maria"]
[Black "Diermair, Andreas"]
[Result "0-1"]
[WhiteElo "1998"]
[BlackElo "2479"]
[PlyCount "64"]
[EventDate "2021.01.22"]
[EventType "team-tourn"]
[EventRounds "7"]
[EventCountry "AUT"]
[SourceTitle "EXT 2022"]
[Source "ChessBase"]
[SourceDate "2021.10.06"]
[SourceVersion "1"]
[SourceVersionDate "2021.10.06"]
[SourceQuality "1"]
[WhiteTeam "Pamhagen"]
[BlackTeam "Raika Feffernitz"]
[WhiteTeamCountry "AUT"]
[BlackTeamCountry "AUT"]

1. d4 d5 2. Nf3 Nf6 3. e3 c5 4. b3 Nc6 5. Bb2 Bg4 6. Be2 e6 7. 0-0 Rc8 8. Nbd2 cxd4 9. exd4 Be7 10. Ne5 Bf5 11. Nxc6 bxc6 12. c4 dxc4 13. bxc4 0-0 14. c5 Qc7 15. Nc4 Rfd8 16. Qa4 Nd5 17. Rfd1 Rb8 18. Qa3 Nb4 19. Qg3 Qxg3 20. hxg3 Nc2 21. Rac1 Bf6 22. Bf3 Bg5 23. Ra1 Rb4 24. Be2 Nxa1 25. Bxa1 Rdb8 26. Bc3 Rb1 27. f4 Rxd1+ 28. Bxd1 Rb1 29. Ne3 Bc2 30. Kf2 Bxd1 31. Nxd1 Rxd1 32. fxg5 Rc1 0-1

[Event "AUT-ch Vor4 Internet"]
[Site "Playchess.com INT"]
[Date "2020.04.25"]
[Round "7"]
[White "Horvath, Maria"]
[Black "Dilly, Julian"]
[Result "1-0"]
[WhiteElo "1995"]
[BlackElo "1502"]
[PlyCount "69"]
[EventDate "2020.04.25"]
[EventType "swiss (blitz)"]
[EventRounds "9"]
[EventCountry "AUT"]
[SourceTitle "EXT 2021"]
[Source "ChessBase"]
[SourceDate "2020.10.23"]
[SourceVersion "1"]
[SourceVersionDate "2020.10.23"]
[SourceQuality "1"]

1. d4 Nf6 2. Nf3 g6 3. c4 Bg7 4. Nc3 d6 5. e4 Nbd7 6. Be2 0-0 7. 0-0 c5 8. h3 Ne8 9. Be3 b6 10. d5 Ne5 11. Nxe5 Bxe5 12. Qd2 Bg7 13. f4 f5 14. Bd3 fxe4 15. Nxe4 Bf5 16. Ng5 Nc7 17. Bxf5 Rxf5 18. Rae1 Rf8 19. Qe2 Bf6 20. Nf3 Ne8 21. b3 Ng7 22. g4 Ne8 23. Bc1 h6 24. Bb2 Bxb2 25. Qxb2 Nf6 26. Qc2 Kg7 27. g5 hxg5 28. Nxg5 Kh6 29. Ne6 Qd7 30. Qf2 Rg8 31. Kh2 a5 32. Qh4+ Nh5 33. Ng5 Qf5 34. Rxe7 Qc2+ 35. Rf2 1-0

[Event "AUT-ch Vor4 Internet"]
[Site "Playchess.com INT"]
[Date "2020.04.25"]
[Round "9"]
[White "Horvath, Maria"]
[Black "Iro, Christian"]
[Result "1-0"]
[WhiteElo "1995"]
[BlackElo "2077"]
[PlyCount "85"]
[EventDate "2020.04.25"]
[EventType "swiss (blitz)"]
[EventRounds "9"]
[EventCountry "AUT"]
[SourceTitle "EXT 2021"]
[Source "ChessBase"]
[SourceDate "2020.10.23"]
[SourceVersion "1"]
[SourceVersionDate "2020.10.23"]
[SourceQuality "1"]

1. d4 Nf6 2. Nf3 e6 3. e3 d5 4. Bd3 Be7 5. 0-0 0-0 6. b3 c5 7. Bb2 Nc6 8. a3 b6 9. Nbd2 Bb7 10. Ne5 g6 11. f4 Nd7 12. Ndf3 f6 13. Ng4 Na5 14. Qe1 Rc8 15. Rc1 c4 16. bxc4 dxc4 17. Be2 b5 18. c3 Nb3 19. Rd1 Be4 20. Nd2 Bc2 21. Nxb3 Bxb3 22. Rd2 Nb6 23. e4 Na4 24. Nf2 Nxb2 25. Rxb2 Bxa3 26. Rd2 a5 27. d5 exd5 28. Rxd5 Qb6 29. Bg4 Rcd8 30. Qd2 b4 31. Kh1 bxc3 32. Qxc3 Bb4 33. Qf3 Rxd5 34. exd5 c3 35. Be6+ Kg7 36. Qh3 Bc4 37. Rc1 a4 38. Ng4 h5 39. Ne3 Bd3 40. f5 Be2 41. fxg6 Bg4 42. Nxg4 hxg4 43. Qh7# 1-0

[Event "AUT-ch Vor4 Internet"]
[Site "Playchess.com INT"]
[Date "2020.04.25"]
[Round "8"]
[White "Stolzlechner, Thomas"]
[Black "Horvath, Maria"]
[Result "0-1"]
[WhiteElo "2037"]
[BlackElo "1995"]
[PlyCount "110"]
[EventDate "2020.04.25"]
[EventType "swiss (blitz)"]
[EventRounds "9"]
[EventCountry "AUT"]
[SourceTitle "EXT 2021"]
[Source "ChessBase"]
[SourceDate "2020.10.23"]
[SourceVersion "1"]
[SourceVersionDate "2020.10.23"]
[SourceQuality "1"]

1. e4 c5 2. c3 e6 3. d4 d5 4. exd5 exd5 5. Nf3 Nf6 6. Bb5+ Nc6 7. 0-0 Be7 8. dxc5 Bxc5 9. Re1+ Be7 10. Nbd2 0-0 11. Nb3 a6 12. Be2 Ne4 13. Be3 Bd6 14. h3 Be6 15. Nbd4 Rc8 16. Nxe6 fxe6 17. Nd4 Qf6 18. Bf3 Qe5 19. Bxe4 Qh2+ 20. Kf1 dxe4 21. Nxc6 Rxc6 22. Qg4 Be5 23. Qxe4 Rd8 24. Rad1 Rf8 25. Bd4 Bxd4 26. Rxd4 Qh1+ 27. Ke2 Qh2 28. Rd7 Rd6 29. Rd1 Rxd1 30. Rxd1 e5 31. Rd3 Qg1 32. Rg3 Qxf2+ 33. Kd3 Qxg3+ 34. Kc4 Rc8+ 35. Kb3 Re8 36. Qd5+ Kh8 37. Qd7 Rg8 38. Qxb7 Qf4 39. Qf3 Qxf3 40. gxf3 Re8 41. c4 g6 42. Kc3 Rf8 43. b4 Rxf3+ 44. Kb2 Rf4 45. c5 Rxb4+ 46. Kc3 Rb5 47. Kc4 e4 48. c6 Rb8 49. Kc5 Rc8 50. c7 e3 51. Kb6 Rxc7 52. Kxa6 e2 53. Kb6 e1Q 54. a4 Qc3 55. a5 Qc6# 0-1

[Event "AUT-ch Vor3 Internet"]
[Site "Playchess.com INT"]
[Date "2020.04.17"]
[Round "1"]
[White "Horvath, Maria"]
[Black "Postl, Anton"]
[Result "0-1"]
[WhiteElo "1995"]
[BlackElo "2290"]
[PlyCount "46"]
[EventDate "2020.04.17"]
[EventType "swiss (blitz)"]
[EventRounds "9"]
[EventCountry "AUT"]
[SourceTitle "CBM 195 Extra"]
[Source "ChessBase"]
[SourceDate "2020.05.31"]
[SourceVersion "1"]
[SourceVersionDate "2020.05.31"]
[SourceQuality "1"]

1. d4 Nf6 2. Nf3 g6 3. c4 Bg7 4. Nc3 d6 5. e4 0-0 6. Be2 e5 7. 0-0 Nbd7 8. d5 a5 9. Ne1 Nc5 10. f3 Nh5 11. Nd3 b6 12. b3 f5 13. a3 Nf4 14. Nxf4 exf4 15. Bb2 fxe4 16. fxe4 Nxe4 17. Qc2 Nxc3 18. Bxc3 Bxc3 19. Qxc3 Qf6 20. Qd2 Bd7 21. b4 axb4 22. axb4 Rxa1 23. Rxa1 Qxa1+ 0-1

[Event "AUT-ch Vor3 Internet"]
[Site "Playchess.com INT"]
[Date "2020.04.17"]
[Round "7"]
[White "Horvath, Maria"]
[Black "Schloffer, Jasmin Denise"]
[Result "0-1"]
[WhiteElo "1995"]
[BlackElo "2110"]
[PlyCount "104"]
[EventDate "2020.04.17"]
[EventType "swiss (blitz)"]
[EventRounds "9"]
[EventCountry "AUT"]
[SourceTitle "CBM 195 Extra"]
[Source "ChessBase"]
[SourceDate "2020.05.31"]
[SourceVersion "1"]
[SourceVersionDate "2020.05.31"]
[SourceQuality "1"]

1. d4 Nf6 2. Nf3 e6 3. e3 d5 4. Bd3 Be7 5. 0-0 0-0 6. b3 c5 7. Bb2 b6 8. Qe2 Bb7 9. Nbd2 Nc6 10. Ne5 Rc8 11. a3 Nxe5 12. dxe5 Ne4 13. Rad1 Qc7 14. f3 Nxd2 15. Rxd2 Rfd8 16. f4 d4 17. exd4 cxd4 18. Qh5 g6 19. Qh3 a5 20. Qg3 Kh8 21. h4 Bc5 22. Kh1 Rg8 23. Qg5 Qe7 24. Qh6 Qd8 25. Bc1 Bf8 26. Qg5 Be7 27. Qg4 h5 28. Qe2 Bxh4 29. Kh2 g5 30. f5 g4 31. fxe6 fxe6 32. Rf7 Rg7 33. Qf1 Qg8 34. Rf6 Bxf6 35. exf6 Rf7 36. Rf2 Rcf8 37. Kg1 h4 38. Rf4 h3 39. Qe2 Rxf6 40. Rxg4 h2+ 41. Kxh2 Qf7 42. Rh4+ Kg8 43. Qg4+ Qg7 44. Qh3 Kf7 45. Rg4 Qh8 46. Qxh8 Rxh8+ 47. Kg1 Rg8 48. Rh4 Rg7 49. Bh6 Rxg2+ 50. Kh1 Rg4+ 51. Kh2 Rxh4+ 52. Kg3 Rhxh6 0-1

[Event "AUT-ch Vor3 Internet"]
[Site "Playchess.com INT"]
[Date "2020.04.17"]
[Round "3"]
[White "Rosol, Alexander"]
[Black "Horvath, Maria"]
[Result "1-0"]
[WhiteElo "1933"]
[BlackElo "1995"]
[PlyCount "51"]
[EventDate "2020.04.17"]
[EventType "swiss (blitz)"]
[EventRounds "9"]
[EventCountry "AUT"]
[SourceTitle "CBM 195 Extra"]
[Source "ChessBase"]
[SourceDate "2020.05.31"]
[SourceVersion "1"]
[SourceVersionDate "2020.05.31"]
[SourceQuality "1"]

1. e4 e6 2. d4 d5 3. Nd2 Nf6 4. e5 Nfd7 5. Bd3 c5 6. c3 b6 7. Ne2 Ba6 8. Nf3 Bxd3 9. Qxd3 Nc6 10. 0-0 Be7 11. a3 0-0 12. Nf4 Rc8 13. Nh5 cxd4 14. cxd4 Na5 15. b3 Nc6 16. Bd2 Re8 17. g3 Nf8 18. h4 a5 19. Bg5 h6 20. Be3 Qd7 21. Nh2 Na7 22. Ng4 Ng6 23. Bxh6 gxh6 24. Nxh6+ Kf8 25. Qf3 Nc6 26. Qxf7# 1-0

[Event "AUT-ch Vor3 Internet"]
[Site "Playchess.com INT"]
[Date "2020.04.17"]
[Round "6"]
[White "Schumi, Manfred"]
[Black "Horvath, Maria"]
[Result "0-1"]
[WhiteElo "2202"]
[BlackElo "1995"]
[PlyCount "134"]
[EventDate "2020.04.17"]
[EventType "swiss (blitz)"]
[EventRounds "9"]
[EventCountry "AUT"]
[SourceTitle "CBM 195 Extra"]
[Source "ChessBase"]
[SourceDate "2020.05.31"]
[SourceVersion "1"]
[SourceVersionDate "2020.05.31"]
[SourceQuality "1"]

1. e4 e6 2. d4 d5 3. Nd2 Nf6 4. e5 Nfd7 5. Bd3 c5 6. c3 b6 7. Qe2 a5 8. Ngf3 Ba6 9. c4 Nc6 10. cxd5 Bxd3 11. Qxd3 Nb4 12. Qb1 Nxd5 13. 0-0 Be7 14. dxc5 Nxc5 15. Ne4 Nxe4 16. Qxe4 0-0 17. Bd2 Rc8 18. Rac1 Qd7 19. h3 Qb5 20. b3 Rfd8 21. Rxc8 Rxc8 22. Bg5 Bf8 23. Re1 h6 24. Bd2 Bb4 25. Nd4 Qd7 26. Bxb4 axb4 27. Nf3 Ra8 28. Rd1 Rxa2 29. Qc4 Ra8 30. Nd4 Rc8 31. Qd3 Rc3 32. Qe4 Qc8 33. Nf5 Rc1 34. Rxc1 Qxc1+ 35. Kh2 Qd2 36. Nd6 Qxf2 37. Qg4 Qf4+ 38. Qxf4 Nxf4 39. Nc8 Nd5 40. Kg3 f6 41. exf6 gxf6 42. Kf3 Kf7 43. Nd6+ Ke7 44. Nc4 Kd7 45. Ke4 Kc6 46. Kd4 e5+ 47. Ke4 Nc3+ 48. Kf5 e4 49. Kxf6 b5 50. Ne3 Kc5 51. g4 Kd4 52. Nf5+ Kd3 53. Ng3 e3 54. h4 Ne4+ 55. Nxe4 Kxe4 56. g5 hxg5 57. hxg5 e2 58. g6 e1Q 59. g7 Qf2+ 60. Ke7 Qg3 61. Kf8 Qf4+ 62. Ke8 Qg5 63. Kf8 Qf6+ 64. Kg8 Qg6 65. Kh8 Kd4 66. Kg8 Kc3 67. Kf8 Kxb3 0-1

[Event "AUT-ch Vor2 Internet"]
[Site "Playchess.com INT"]
[Date "2020.04.13"]
[Round "2"]
[White "Horvath, Maria"]
[Black "Miazhynski, Michael"]
[Result "1-0"]
[WhiteElo "1995"]
[BlackElo "1827"]
[PlyCount "135"]
[EventDate "2020.04.13"]
[EventType "swiss (blitz)"]
[EventRounds "9"]
[EventCountry "AUT"]
[SourceTitle "CBM 195 Extra"]
[Source "ChessBase"]
[SourceDate "2020.05.31"]
[SourceVersion "1"]
[SourceVersionDate "2020.05.31"]
[SourceQuality "1"]

1. d4 Nf6 2. Nf3 g6 3. c4 Bg7 4. Nc3 0-0 5. e4 d6 6. Be2 e5 7. 0-0 Nc6 8. d5 Ne7 9. Ne1 Kh8 10. f3 Nfg8 11. Be3 Bh6 12. Qd2 Bxe3+ 13. Qxe3 f5 14. Nd3 f4 15. Qf2 g5 16. c5 h5 17. h3 Nf6 18. cxd6 cxd6 19. Rac1 a6 20. Na4 Bd7 21. Nb6 Rb8 22. Nxd7 Qxd7 23. Rc3 Rfc8 24. Rfc1 Rxc3 25. Rxc3 Rc8 26. Qe1 Rxc3 27. bxc3 Nc8 28. c4 Qc7 29. Qb4 Nd7 30. Bd1 Qb6+ 31. Qxb6 Ncxb6 32. Bb3 Kg7 33. Kf2 Kf6 34. a4 Na8 35. a5 b6 36. Ba4 Ke7 37. Bc6 Nc7 38. axb6 Nxb6 39. c5 Nc4 40. Ke2 a5 41. Kd1 Na6 42. Ke2 Nxc5 43. Nxc5 dxc5 44. Bb5 Nb6 45. Kd3 Kd6 46. Kc3 Ke7 47. Bc6 Kd6 48. Be8 h4 49. Bc6 c4 50. Bb5 Kc5 51. Be8 a4 52. Kb2 Kb4 53. d6 a3+ 54. Ka2 c3 55. d7 c2 56. d8Q c1Q 57. Qxb6+ Kc3 58. Qc5+ Kd2 59. Qxc1+ Kxc1 60. Kxa3 Kd2 61. Bd7 Ke2 62. Kb3 Kf2 63. Kb4 Kxg2 64. Bg4 Kf2 65. Kc5 Ke3 66. Kd5 Kd3 67. Kxe5 Kc4 68. Kf5 1-0

[Event "AUT-ch Vor1 Internet"]
[Site "Playchess.com INT"]
[Date "2020.04.11"]
[Round "2"]
[White "Juenger, Heinz"]
[Black "Horvath, Maria"]
[Result "1-0"]
[WhiteElo "2165"]
[BlackElo "1995"]
[PlyCount "59"]
[EventDate "2020.04.11"]
[EventType "swiss (blitz)"]
[EventRounds "9"]
[EventCountry "AUT"]
[SourceTitle "CBM 195 Extra"]
[Source "ChessBase"]
[SourceDate "2020.05.31"]
[SourceVersion "1"]
[SourceVersionDate "2020.05.31"]
[SourceQuality "1"]

1. e4 c5 2. Nf3 Nc6 3. Bb5 g6 4. 0-0 Bg7 5. Re1 d6 6. c3 e5 7. d4 cxd4 8. cxd4 Bd7 9. dxe5 dxe5 10. Nc3 Nge7 11. Nd5 a6 12. Ba4 0-0 13. Bg5 f6 14. Be3 Nxd5 15. Qxd5+ Kh8 16. Red1 b5 17. Qxd7 Qxd7 18. Rxd7 bxa4 19. Rc1 Rfc8 20. Kf1 Nb4 21. Rxc8+ Rxc8 22. a3 Nc2 23. Bb6 f5 24. Ng5 h6 25. Ne6 Bf6 26. Rf7 Bg5 27. exf5 gxf5 28. Bc7 Nd4 29. Bxe5+ Kg8 30. Rg7+ 1-0

[Event "AUT-ch Vor1 Internet"]
[Site "Playchess.com INT"]
[Date "2020.04.11"]
[Round "5"]
[White "Stolzlechner, Andreas"]
[Black "Horvath, Maria"]
[Result "1/2-1/2"]
[WhiteElo "1835"]
[BlackElo "1995"]
[PlyCount "76"]
[EventDate "2020.04.11"]
[EventType "swiss (blitz)"]
[EventRounds "9"]
[EventCountry "AUT"]
[SourceTitle "CBM 195 Extra"]
[Source "ChessBase"]
[SourceDate "2020.05.31"]
[SourceVersion "1"]
[SourceVersionDate "2020.05.31"]
[SourceQuality "1"]

1. e4 e6 2. d4 d5 3. Nc3 Nf6 4. Bg5 Be7 5. e5 Nfd7 6. Bxe7 Qxe7 7. f4 a6 8. Nf3 c5 9. Be2 Nc6 10. 0-0 cxd4 11. Nxd4 0-0 12. Kh1 Qc5 13. Nxc6 bxc6 14. Rf3 Qe7 15. Rh3 f6 16. Bd3 g6 17. Qe2 Nc5 18. Rg3 Nxd3 19. Qxd3 fxe5 20. fxe5 Bd7 21. Rf1 Rxf1+ 22. Qxf1 Rf8 23. Rf3 Rxf3 24. Qxf3 Qg5 25. Qe2 Qc1+ 26. Nd1 c5 27. h3 Bb5 28. Qe1 Qxc2 29. Kh2 Bd3 30. Qh4 Qxd1 31. Qd8+ Kg7 32. Qe7+ Kh6 33. Qf8+ Kh5 34. g4+ Kg5 35. Qf6+ Kh6 36. Qf8+ Kg5 37. Qf6+ Kh6 38. Qf8+ Kg5 1/2-1/2

[Event "BL2 Sued 1920 (Women)"]
[Site "Germany"]
[Date "2020.02.15"]
[Round "6.2"]
[White "Horvath, Maria"]
[Black "Wagner, Margarethe"]
[Result "1-0"]
[WhiteElo "1966"]
[BlackElo "1749"]
[PlyCount "87"]
[EventDate "2019.09.14"]
[EventType "team-tourn"]
[EventRounds "7"]
[EventCountry "GER"]
[SourceTitle "EXT 2021"]
[Source "ChessBase"]
[SourceDate "2020.10.23"]
[SourceVersion "1"]
[SourceVersionDate "2020.10.23"]
[SourceQuality "1"]
[WhiteTeam "Augsburg (W)"]
[BlackTeam "Zeulenroda Rochade (W)"]
[WhiteTeamCountry "GER"]
[BlackTeamCountry "GER"]

1. d4 Nf6 2. Nf3 g6 3. c4 Bg7 4. Nc3 0-0 5. e4 d6 6. Be2 e5 7. 0-0 Nc6 8. d5 Ne7 9. Ne1 Nd7 10. Be3 f5 11. f3 f4 12. Bf2 g5 13. a4 Ng6 14. a5 h5 15. Nd3 Nf6 16. c5 g4 17. cxd6 cxd6 18. Nb5 gxf3 19. Bxf3 Bg4 20. Nxa7 Qd7 21. Qa4 Qe7 22. Rac1 Bd7 23. Qb4 Ng4 24. Nb5 Bxb5 25. Qxb5 Rfc8 26. b4 Bh6 27. Rc4 Bg5 28. Rfc1 Rxc4 29. Qxc4 Nf8 30. Qc7 Re8 31. Qxe7 Rxe7 32. Bb6 Kf7 33. Bd8 Nd7 34. Bxe7 Kxe7 35. Rc7 Kd8 36. Rxb7 Kc8 37. Ra7 Ngf6 38. Ra6 Bh6 39. Rxd6 Bf8 40. Rc6+ Kb7 41. a6+ Ka7 42. Nc5 Kb8 43. a7+ Ka8 44. Rc8+ 1-0

[Event "BL2 Sued 1920 (Women)"]
[Site "Germany"]
[Date "2019.12.15"]
[Round "4.2"]
[White "Horvath, Maria"]
[Black "Bardorz, Jana"]
[Result "1-0"]
[WhiteElo "1966"]
[BlackElo "2054"]
[PlyCount "103"]
[EventDate "2019.09.14"]
[EventType "team-tourn"]
[EventRounds "7"]
[EventCountry "GER"]
[SourceTitle "EXT 2021"]
[Source "ChessBase"]
[SourceDate "2020.10.23"]
[SourceVersion "1"]
[SourceVersionDate "2020.10.23"]
[SourceQuality "1"]
[WhiteTeam "Augsburg (W)"]
[BlackTeam "Regensburg Bavaria (W)"]
[WhiteTeamCountry "GER"]
[BlackTeamCountry "GER"]

1. d4 Nf6 2. Nf3 g6 3. c4 Bg7 4. Nc3 0-0 5. e4 d6 6. Be2 e5 7. 0-0 Nc6 8. d5 Ne7 9. Ne1 Nd7 10. Be3 f5 11. f3 f4 12. Bf2 g5 13. Nd3 Nf6 14. c5 Qe8 15. cxd6 cxd6 16. a4 Bd7 17. Nb5 Bxb5 18. axb5 g4 19. Bxa7 g3 20. h3 Nc8 21. b6 Nd7 22. Qb3 Bf6 23. Rfc1 Bd8 24. Kf1 Ncxb6 25. Ra3 Nc8 26. Qxb7 Rxa7 27. Qxc8 Rxa3 28. bxa3 Nb6 29. Qc6 Qxc6 30. dxc6 Bc7 31. Nb4 Ra8 32. Ba6 Kf8 33. Bb7 Rxa3 34. Na6 Rxa6 35. Bxa6 d5 36. Ke2 d4 37. Bb5 Ke7 38. Rc2 Kd6 39. Kd3 h6 40. Kd2 Nc8 41. Bc4 Ne7 42. Bd5 Nxd5 43. exd5 Kxd5 44. Kd3 Kd6 45. Ke4 Ba5 46. Ra2 Bc3 47. c7 Kxc7 48. Ra6 h5 49. Rh6 h4 50. Rxh4 Kd6 51. Rh6+ Kc5 52. Rh7 1-0

[Event "AUT-chT (Women) 1920"]
[Site "Austria"]
[Date "2019.10.12"]
[Round "2.4"]
[White "Horvath, Maria"]
[Black "Zeber, Katja"]
[Result "1-0"]
[WhiteElo "1982"]
[BlackElo "1599"]
[PlyCount "65"]
[EventDate "2019.10.11"]
[EventType "team-tourn"]
[EventRounds "9"]
[EventCountry "AUT"]
[SourceTitle "CBM 193 Extra"]
[Source "ChessBase"]
[SourceDate "2020.01.31"]
[SourceVersion "1"]
[SourceVersionDate "2020.01.31"]
[SourceQuality "1"]
[WhiteTeam "Pamhagen (W)"]
[BlackTeam "Feffernitz (W)"]
[WhiteTeamCountry "AUT"]
[BlackTeamCountry "AUT"]

1. d4 Nf6 2. c4 e5 3. dxe5 Ng4 4. Nh3 Nxe5 5. e3 Nbc6 6. Nf4 d6 7. Nc3 Bf5 8. Nfd5 Ne7 9. Be2 c6 10. Nf4 N7g6 11. Nh5 Qh4 12. Ng3 Be6 13. b3 Be7 14. Qc2 0-0 15. Nf5 Qg5 16. Nxe7+ Nxe7 17. g3 Qf6 18. f4 Ng4 19. h3 Qh6 20. e4 f5 21. Bxg4 fxg4 22. f5 Qf6 23. hxg4 Bd7 24. Bd2 Rad8 25. 0-0-0 c5 26. g5 Qf7 27. Bf4 Bc6 28. Bxd6 Rfe8 29. Qh2 Bd7 30. Qxh7+ Kf8 31. f6 gxf6 32. Qh8+ Qg8 33. Qxf6+ 1-0